000 00640nam a2200193Ia 4500
003 GCL
008 140319s9999 xx 000 0 ara d
040 _aGCL /
_cGCL
082 0 4 _a651.75
_bع م
100 1 _aجميل علوش
245 1 0 _aالمدخل الى علم المراسلات التجارية والحكومية /
_cجميل علوش
700 1 _aعادل فهمى محمد بدر
300 _a264 ص
490 _aالهيئة العامة للاستعلامات
_v0
650 0 4 _aالمراسلات
650 0 4 _aالمراسلات التجارية
650 0 4 _aالمراسلات الحكومية
942 _2ddc
_cBK
999 _c48360
_d48360